000 00351nam a2200145Ia 4500
008 230917s9999||||xx |||||||||||||| ||und||
040 _e47700
_aMAIN
041 _aEnglish
082 _a823.7 G212C
100 _aGaskell, Elizabeth
245 0 _aCranford
260 _aOxford
_bOxford University Press
_c1977
300 _axix, 200 p.
942 _cBK
999 _c194543
_d194543